00391nam a22001217a 4500020000800000040001600008082001300024100001400037245006600051250001200117260009900129300004100228 qPB. cFIZZA ISHAQ a690bEMM aEmmitt, S aBarrys Introduction To Construction Of Buildings /cS Emmitt. a4TH ED. a Hoboken, New Jersey, USA (and sometimes listed as Chichester, UK) :b Wiley Blackwell,c2019. a752 P. ;c‎ 7 x 1.25 x 9.75 inches